Vista normal
Vista MARC
Entrada Meeting Name
Número de registros utilizados en: 1
001 - CONTROL NUMBER
- control field: 36968
003 - CONTROL NUMBER IDENTIFIER
- control field: OSt
005 - DATE AND TIME OF LATEST TRANSACTION
- control field: 20210419122336.0
008 - FIXED-LENGTH DATA ELEMENTS
- fixed length control field: 210419|| aca||aabn | a|a d
040 ## - CATALOGING SOURCE
- Original cataloging agency: OSt
- Transcribing agency: OSt
111 ## - HEADING--MEETING NAME
- Meeting name or jurisdiction name as entry element: Segunda reunión Ministerial de comercio :
- Location of meeting: (Cartagena de indias
- Date of meeting or treaty signing: 1996 : , 21 de Marzo)
670 ## - SOURCE DATA FOUND
- Source citation: Work cat.: (OSt)11519: Segunda reunión Ministerial de comercio : (Cartagena de indias 1996 : , 21 de Marzo), Cumbre Ministerial de las Américas / , 1996.